000 00800nam a2200277Ia 4500
003 OSt
005 20221006144834.0
006 a|||||r|||| 00| 0
007 ta
008 221006b |||||||| |||| 00| 0 eng d
020 _aB0006ENFO8
_c140.00
024 _a12,889
037 _cTextual
040 _aEASL
_cEASL
_beng
041 _2eng
_aeng
082 _aV41:196.N8, M6
100 _aDESHPANDE G P
245 0 _aUnited front against imperialism
_b China's foreign policy in Africa
260 _aBombay
_bSomaiya Pub. India
_c1986
300 _a236p.
_ccm.
650 _a CEL
650 _aForeign relations - China - Africa
_9652994
700 _a Gupta H.K.
_9110051
942 _hV41:196.N8, M6
_cTEXL
_2CC
999 _c1080975
_d1080975